|
|
|
|
| LEADER |
00962nam a2200253 a 4500 |
| 001 |
15181243 |
| 008 |
091019s2008 ii a 001 0 eng d |
| 010 |
|
|
|a 2008007161
|
| 020 |
|
|
|a 9780761936404 (paper back)
|
| 040 |
|
|
|a DLC
|c DLC
|d DLC
|
| 082 |
0 |
0 |
|a 658.8/4
|2 22
|
| 100 |
1 |
|
|a Mathur, U. C.,
|d 1938-
|
| 245 |
1 |
0 |
|a International marketing management :
|b text and cases /
|c U.C. Mathur.
|
| 260 |
|
|
|a New Delhi ;
|a Thousand Oaks, Calif. :
|b SAGE Publications,
|c 2008.
|
| 300 |
|
|
|a 583 p. :
|b ill. ;
|c 24 cm.
|
| 504 |
|
|
|a Includes index.
|
| 541 |
1 |
|
|e 00019443
|
| 650 |
|
0 |
|a Export marketing
|x Management.
|
| 650 |
|
0 |
|a Export marketing
|z India
|x Management.
|
| 650 |
|
0 |
|a International trade.
|
| 650 |
|
0 |
|a International trade
|z India.
|
| 852 |
4 |
|
|a Ayesha Abed Library
|j General Shelf.
|
| 999 |
|
|
|c 4715
|d 4715
|
| 952 |
|
|
|0 0
|1 0
|2 ddc
|4 0
|6 658_840000000000000_MAT
|7 0
|9 4510
|a BRACUL
|b BRACUL
|c GEN
|d 2009-10-17
|e Paragon
|g 605.00
|l 0
|o 658.84 MAT
|p 3010019443
|r 2009-10-19
|t 1
|w 2009-10-19
|y BK
|